[Event "Bundesliga 9495"]
[Site "Deutschland"]
[Date "1994.??.??"]
[Round "?.8"]
[White "Volke, Karsten"]
[Black "Pieniazek, Artur"]
[Result "1/2-1/2"]
[WhiteElo "2440"]
[BlackElo "2420"]
[PlyCount "72"]
[EventDate "1994.10.??"]
[EventType "team"]
[EventRounds "15"]
[EventCountry "GER"]
[SourceTitle "Bundesliga 9495"]
[Source "DeepChess"]
[SourceDate "2005.01.01"]
[SourceVersion "1"]
[SourceVersionDate "2005.01.01"]
[SourceQuality "1"]
[WhiteTeam "SV Empor Berlin e.V."]
[BlackTeam "SV Erfurt West 90"]
[WhiteTeamCountry "GER"]
[BlackTeamCountry "GER"]

1. d4 Nf6 2. c4 e6 3. Nc3 Bb4 4. e3 c5 5. Bd3 O-O 6. Nge2 d5 7. O-O cxd4 8.
exd4 dxc4 9. Bxc4 Nbd7 10. Bb3 b6 11. Bf4 Ba6 12. Re1 Rc8 13. Rc1 Re8 14. a3
Bf8 15. Ng3 Bc4 16. Bc2 Nd5 17. Nxd5 Bxd5 18. Qd3 Nf6 19. Be5 Bc4 20. Qf3 Bd5
21. Qf4 Be7 22. Ba4 Rxc1 23. Rxc1 Rf8 24. Rc7 a6 25. Rc3 b5 26. Bc2 Bb7 27. Nf1
Nh5 28. Qg4 g6 29. Rh3 f5 30. Qe2 Nf6 31. Bb3 Bd5 32. Bxd5 Nxd5 33. Ne3 Bf6 34.
Nxd5 Qxd5 35. Rc3 Bxe5 36. Qxe5 Rd8 1/2-1/2

[Event "Bundesliga 9495"]
[Site "Deutschland"]
[Date "1994.??.??"]
[Round "?.2"]
[White "Schmittdiel, Eckhard"]
[Black "Lobron, Eric"]
[Result "1/2-1/2"]
[WhiteElo "2495"]
[BlackElo "2580"]
[PlyCount "36"]
[EventDate "1994.10.??"]
[EventType "team"]
[EventRounds "15"]
[EventCountry "GER"]
[SourceTitle "Bundesliga 9495"]
[Source "DeepChess"]
[SourceDate "2005.01.01"]
[SourceVersion "1"]
[SourceVersionDate "2005.01.01"]
[SourceQuality "1"]
[WhiteTeam "SV Tuebingen 1870 e.V."]
[BlackTeam "SV Empor Berlin e.V."]
[WhiteTeamCountry "GER"]
[BlackTeamCountry "GER"]

1. e4 e5 2. Nf3 Nc6 3. d4 exd4 4. Nxd4 Nf6 5. Nxc6 bxc6 6. e5 Qe7 7. Qe2 Nd5 8.
c4 Nb6 9. Nd2 Qe6 10. b3 Rb8 11. Nf3 Bb7 12. Bd2 c5 13. Ng5 Qg6 14. Qe3 Be7 15.
h4 h6 16. Bd3 Qh5 17. Be2 Qg6 18. Bd3 Qh5 1/2-1/2

[Event "Bundesliga 9495"]
[Site "Deutschland"]
[Date "1994.??.??"]
[Round "?.3"]
[White "Luther, Thomas"]
[Black "Horvath, Tamas"]
[Result "1/2-1/2"]
[WhiteElo "2510"]
[BlackElo "2435"]
[PlyCount "74"]
[EventDate "1994.10.??"]
[EventType "team"]
[EventRounds "15"]
[EventCountry "GER"]
[SourceTitle "Bundesliga 9495"]
[Source "DeepChess"]
[SourceDate "2005.01.01"]
[SourceVersion "1"]
[SourceVersionDate "2005.01.01"]
[SourceQuality "1"]
[WhiteTeam "SV Empor Berlin e.V."]
[BlackTeam "SV Tuebingen 1870 e.V."]
[WhiteTeamCountry "GER"]
[BlackTeamCountry "GER"]

1. e4 c5 2. Nf3 e6 3. d4 cxd4 4. Nxd4 Nf6 5. Nc3 Nc6 6. Ndb5 d6 7. Bf4 e5 8.
Bg5 a6 9. Na3 b5 10. Bxf6 gxf6 11. Nd5 f5 12. exf5 Bxf5 13. c3 Be6 14. Nc2 Bh6
15. g3 Bxd5 16. Qxd5 Ne7 17. Qf3 O-O 18. Qh5 Kg7 19. Bg2 Rb8 20. O-O f5 21.
Rad1 Rf6 22. Nb4 Qb6 23. Nd5 Nxd5 24. Bxd5 Rbf8 25. Kh1 Kh8 26. Qe2 f4 27. f3
fxg3 28. hxg3 Bf4 29. Rg1 Rh6+ 30. Kg2 Bxg3 31. Kxg3 Rf5 32. f4 Rxf4 33. Rgf1
Rg6+ 34. Kh3 Rh6+ 35. Kg3 Rg6+ 36. Kh3 Rh6+ 37. Kg3 Rg6+ 1/2-1/2

[Event "Bundesliga 9495"]
[Site "Deutschland"]
[Date "1994.??.??"]
[Round "?.4"]
[White "Kraut, Rainer"]
[Black "Rabiega, Robert"]
[Result "1/2-1/2"]
[WhiteElo "2415"]
[BlackElo "2475"]
[PlyCount "79"]
[EventDate "1994.10.??"]
[EventType "team"]
[EventRounds "15"]
[EventCountry "GER"]
[SourceTitle "Bundesliga 9495"]
[Source "DeepChess"]
[SourceDate "2005.01.01"]
[SourceVersion "1"]
[SourceVersionDate "2005.01.01"]
[SourceQuality "1"]
[WhiteTeam "SV Tuebingen 1870 e.V."]
[BlackTeam "SV Empor Berlin e.V."]
[WhiteTeamCountry "GER"]
[BlackTeamCountry "GER"]

1. e4 c5 2. Nf3 Nc6 3. Bb5 e6 4. Bxc6 bxc6 5. d3 Qc7 6. O-O Ne7 7. Nbd2 Ng6 8.
Nc4 Be7 9. b3 d6 10. Re1 e5 11. Ne3 O-O 12. Nf5 Bf6 13. g4 Be6 14. Kh1 d5 15.
Be3 c4 16. Rg1 Rfd8 17. Qf1 cxd3 18. cxd3 Qa5 19. g5 dxe4 20. dxe4 Be7 21.
Nxe7+ Nxe7 22. Qe1 Qb5 23. Qc3 Ng6 24. Rg3 Rd7 25. Qc5 Qe2 26. Qxc6 Rad8 27.
Ng1 Rd1 28. Rxd1 Qxd1 29. Qc1 Qd7 30. h3 a5 31. Kh2 a4 32. Qc3 axb3 33. axb3
Qb7 34. f3 Bxb3 35. Rg2 Be6 36. Rd2 Rc8 37. Qa5 Qe7 38. Qa7 Qf8 39. Qb6 Qe7 40.
Qd6 1/2-1/2

[Event "Bundesliga 9495"]
[Site "Deutschland"]
[Date "1994.??.??"]
[Round "?.5"]
[White "Muse, Mladen"]
[Black "Zeller, Frank"]
[Result "1-0"]
[WhiteElo "2455"]
[BlackElo "2350"]
[PlyCount "149"]
[EventDate "1994.10.??"]
[EventType "team"]
[EventRounds "15"]
[EventCountry "GER"]
[SourceTitle "Bundesliga 9495"]
[Source "DeepChess"]
[SourceDate "2005.01.01"]
[SourceVersion "1"]
[SourceVersionDate "2005.01.01"]
[SourceQuality "1"]
[WhiteTeam "SV Empor Berlin e.V."]
[BlackTeam "SV Tuebingen 1870 e.V."]
[WhiteTeamCountry "GER"]
[BlackTeamCountry "GER"]

1. b4 d5 2. Nf3 Bg4 3. Bb2 Nd7 4. c4 e6 5. cxd5 exd5 6. e3 Ngf6 7. a3 Bd6 8.
Be2 O-O 9. Nd4 Ne5 10. d3 a5 11. O-O axb4 12. axb4 Rxa1 13. Bxa1 Bd7 14. b5 Qe7
15. Nd2 c5 16. bxc6 bxc6 17. N4f3 Neg4 18. h3 Nh6 19. Re1 c5 20. e4 dxe4 21.
dxe4 Bc7 22. Qc2 Ba5 23. Rc1 Bb4 24. Bd3 Nh5 25. e5 Nf4 26. Bxh7+ Kh8 27. Bd3
Rd8 28. Bc4 Bf5 29. Ne4 Qb7 30. Nfg5 Qc6 31. Rd1 Ba5 32. f3 Qg6 33. h4 Rxd1+
34. Qxd1 Bxe4 35. fxe4 Ne6 36. Bxe6 fxe6 37. Qd7 Be1 38. Qc8+ Ng8 39. Qxe6 Qxe6
40. Nxe6 c4 41. h5 Kh7 42. Kf1 Bb4 43. Ke2 Ne7 44. Nd4 Kh6 45. Nc2 Bc5 46. e6
Kxh5 47. Bxg7 Kg4 48. Be5 Nc6 49. Ne3+ Kg5 50. Nxc4 Nd8 51. Bd6 Bxd6 52. Nxd6
Nxe6 53. Ke3 Kg4 54. Nf5 Nf4 55. Kd4 Ng6 56. g3 Kg5 57. Ne3 Kf6 58. Kd5 Ne5 59.
Nc4 Nf7 60. e5+ Ke7 61. Ne3 Ng5 62. Nf5+ Kd7 63. Nd4 Ke7 64. g4 Kf7 65. Ne2 Ke7
66. Nf4 Kf7 67. Kd4 Ke7 68. Nd3 Kf7 69. Nc5 Ke7 70. Ke3 Kf7 71. Kf4 Kg6 72. e6
Nh7 73. Ne4 Nf6 74. Nxf6 Kxf6 75. e7 1-0

[Event "Bundesliga 9495"]
[Site "Deutschland"]
[Date "1994.??.??"]
[Round "?.6"]
[White "Werner, Marc"]
[Black "Poldauf, Dirk"]
[Result "1/2-1/2"]
[WhiteElo "2345"]
[BlackElo "2445"]
[PlyCount "61"]
[EventDate "1994.10.??"]
[EventType "team"]
[EventRounds "15"]
[EventCountry "GER"]
[SourceTitle "Bundesliga 9495"]
[Source "DeepChess"]
[SourceDate "2005.01.01"]
[SourceVersion "1"]
[SourceVersionDate "2005.01.01"]
[SourceQuality "1"]
[WhiteTeam "SV Tuebingen 1870 e.V."]
[BlackTeam "SV Empor Berlin e.V."]
[WhiteTeamCountry "GER"]
[BlackTeamCountry "GER"]

1. e4 e6 2. d4 d5 3. Nc3 Bb4 4. e5 c5 5. a3 Bxc3+ 6. bxc3 Ne7 7. h4 Qa5 8. Bd2
cxd4 9. cxd4 Qa4 10. Nf3 b6 11. h5 h6 12. Qb1 Ba6 13. Qb3 Qxb3 14. cxb3 Bxf1
15. Kxf1 Nbc6 16. Ke2 Kd7 17. Kd3 f6 18. Rae1 Raf8 19. Rhf1 fxe5 20. Nxe5+
Nxe5+ 21. Rxe5 Nc6 22. Re2 Rf5 23. Rh1 e5 24. dxe5 Nxe5+ 25. Kc2 d4 26. Re4
Rc8+ 27. Kd1 Nc6 28. f3 Rcf8 29. f4 Rd5 30. g4 b5 31. Rhe1 1/2-1/2

[Event "Bundesliga 9495"]
[Site "Deutschland"]
[Date "1994.??.??"]
[Round "?.7"]
[White "Volke, Karsten"]
[Black "Dutschak, Hauke"]
[Result "1-0"]
[WhiteElo "2440"]
[BlackElo "2240"]
[PlyCount "67"]
[EventDate "1994.10.??"]
[EventType "team"]
[EventRounds "15"]
[EventCountry "GER"]
[SourceTitle "Bundesliga 9495"]
[Source "DeepChess"]
[SourceDate "2005.01.01"]
[SourceVersion "1"]
[SourceVersionDate "2005.01.01"]
[SourceQuality "1"]
[WhiteTeam "SV Empor Berlin e.V."]
[BlackTeam "SV Tuebingen 1870 e.V."]
[WhiteTeamCountry "GER"]
[BlackTeamCountry "GER"]

1. d4 d5 2. c4 Nc6 3. cxd5 Qxd5 4. e3 e5 5. Nc3 Bb4 6. Bd2 Bxc3 7. bxc3 exd4 8.
cxd4 Nf6 9. Nf3 O-O 10. Be2 Bf5 11. O-O Rfe8 12. Qa4 Ne4 13. Qb5 Qd7 14. Rfd1
a6 15. Qb2 Rab8 16. Be1 Be6 17. Nd2 Nxd2 18. Qxd2 Bd5 19. f3 f5 20. Bf2 Na7 21.
Bd3 Nb5 22. Re1 Bf7 23. Qc2 Bg6 24. Rac1 Rbc8 25. a4 Nd6 26. Bg3 Kh8 27. Bf4
Nf7 28. Rb1 Nd8 29. Bg3 b6 30. Bxa6 f4 31. Bxc8 Qxc8 32. exf4 Rf8 33. f5 Bxf5
34. Qxc7 1-0

[Event "Bundesliga 9495"]
[Site "Deutschland"]
[Date "1994.??.??"]
[Round "?.8"]
[White "Frick, Christoph"]
[Black "Stern, Rene"]
[Result "0-1"]
[WhiteElo "2270"]
[BlackElo "2370"]
[PlyCount "62"]
[EventDate "1994.10.??"]
[EventType "team"]
[EventRounds "15"]
[EventCountry "GER"]
[SourceTitle "Bundesliga 9495"]
[Source "DeepChess"]
[SourceDate "2005.01.01"]
[SourceVersion "1"]
[SourceVersionDate "2005.01.01"]
[SourceQuality "1"]
[WhiteTeam "SV Tuebingen 1870 e.V."]
[BlackTeam "SV Empor Berlin e.V."]
[WhiteTeamCountry "GER"]
[BlackTeamCountry "GER"]

1. Nc3 e5 2. Nf3 Nc6 3. d4 exd4 4. Nxd4 Nf6 5. Bg5 Bb4 6. Nxc6 bxc6 7. e3 h6 8.
Bh4 d5 9. Bd3 O-O 10. O-O Re8 11. Ne2 Bg4 12. c3 Bd6 13. Qc2 c5 14. c4 c6 15.
Rfe1 Be6 16. Bg3 Bf8 17. Nf4 Qb6 18. b3 a5 19. a4 Qb4 20. Rab1 Bd7 21. Ne2 Rad8
22. Nc3 Bc8 23. f3 Bd6 24. Bxd6 Rxd6 25. cxd5 cxd5 26. e4 Rde6 27. Red1 Bb7 28.
Bb5 R8e7 29. exd5 Bxd5 30. Nxd5 Re1+ 31. Kf2 Qh4+ 0-1

[Event "Bundesliga 9495"]
[Site "Deutschland"]
[Date "1995.??.??"]
[Round "?.1"]
[White "Schmittdiel, Eckhard"]
[Black "Kuczynski, Robert"]
[Result "1/2-1/2"]
[WhiteElo "2485"]
[BlackElo "2510"]
[PlyCount "51"]
[EventDate "1994.10.??"]
[EventType "team"]
[EventRounds "15"]
[EventCountry "GER"]
[SourceTitle "Bundesliga 9495"]
[Source "DeepChess"]
[SourceDate "2005.01.01"]
[SourceVersion "1"]
[SourceVersionDate "2005.01.01"]
[SourceQuality "1"]
[WhiteTeam "SV Tuebingen 1870 e.V."]
[BlackTeam "SV Erfurt West 90"]
[WhiteTeamCountry "GER"]
[BlackTeamCountry "GER"]

1. e4 c5 2. c3 d5 3. exd5 Qxd5 4. d4 Nf6 5. Nf3 Bg4 6. Qa4+ Bd7 7. Qb3 cxd4 8.
Nxd4 e6 9. Nb5 Na6 10. Qxd5 Nxd5 11. Nd2 Be7 12. Nb3 O-O 13. Be2 Nc5 14. Nxc5
Bxc5 15. Bd2 a6 16. Nd4 Bxd4 17. cxd4 Rfc8 18. b3 Bb5 19. a4 Bxe2 20. Kxe2 Rc2
21. Kd3 Rb2 22. Rab1 Rxb1 23. Rxb1 Rc8 24. g4 Kf8 25. h4 Ke7 26. h5 1/2-1/2

[Event "Bundesliga 9495"]
[Site "Deutschland"]
[Date "1995.??.??"]
[Round "?.2"]
[White "Casper, Thomas"]
[Black "Horvath, Tamas"]
[Result "1/2-1/2"]
[WhiteElo "2435"]
[BlackElo "2410"]
[PlyCount "31"]
[EventDate "1994.10.??"]
[EventType "team"]
[EventRounds "15"]
[EventCountry "GER"]
[SourceTitle "Bundesliga 9495"]
[Source "DeepChess"]
[SourceDate "2005.01.01"]
[SourceVersion "1"]
[SourceVersionDate "2005.01.01"]
[SourceQuality "1"]
[WhiteTeam "SV Erfurt West 90"]
[BlackTeam "SV Tuebingen 1870 e.V."]
[WhiteTeamCountry "GER"]
[BlackTeamCountry "GER"]

1. e4 c5 2. Nf3 e6 3. d3 Nc6 4. c3 Nf6 5. Be2 d6 6. O-O Be7 7. Re1 O-O 8. Bf1
e5 9. h3 Re8 10. a3 Rb8 11. d4 Bf8 12. dxc5 dxc5 13. Qxd8 Nxd8 14. a4 Nc6 15.
Na3 a6 16. Bg5 1/2-1/2

[Event "Bundesliga 9495"]
[Site "Deutschland"]
[Date "1995.??.??"]
[Round "?.3"]
[White "Kraut, Rainer"]
[Black "Jasnikowski, Zbigniew"]
[Result "1/2-1/2"]
[WhiteElo "2420"]
[BlackElo "2425"]
[PlyCount "122"]
[EventDate "1994.10.??"]
[EventType "team"]
[EventRounds "15"]
[EventCountry "GER"]
[SourceTitle "Bundesliga 9495"]
[Source "DeepChess"]
[SourceDate "2005.01.01"]
[SourceVersion "1"]
[SourceVersionDate "2005.01.01"]
[SourceQuality "1"]
[WhiteTeam "SV Tuebingen 1870 e.V."]
[BlackTeam "SV Erfurt West 90"]
[WhiteTeamCountry "GER"]
[BlackTeamCountry "GER"]

1. e4 c5 2. Nf3 e6 3. Nc3 Nc6 4. Bb5 Nd4 5. O-O a6 6. Bd3 Ne7 7. Nxd4 cxd4 8.
Ne2 d5 9. exd5 Nxd5 10. c3 dxc3 11. dxc3 Bd6 12. Nd4 Qc7 13. Qh5 Nf4 14. Bxf4
Bxf4 15. g3 g6 16. Qh4 Bd6 17. Rad1 O-O 18. Rd2 Be7 19. Qh6 e5 20. Nf3 Be6 21.
Re1 Bf6 22. Bb1 Bg7 23. Qh4 h6 24. Rde2 Bc4 25. Re3 Rae8 26. b3 Bd5 27. Be4 Be6
28. Bc2 Bd7 29. Qc4 Qxc4 30. bxc4 Bc6 31. Nxe5 Bxe5 32. Rxe5 Rxe5 33. Rxe5 Rd8
34. Kf1 Bf3 35. Ke1 g5 36. h3 Kg7 37. Re3 Bg2 38. h4 Rc8 39. hxg5 hxg5 40. Bd3
Rc5 41. f3 g4 42. fxg4 Ra5 43. Re2 Bf3 44. Rb2 Bxg4 45. Rxb7 Rxa2 46. c5 Be6
47. c6 Ra5 48. Rb6 Rc5 49. Bxa6 Rxc3 50. Kd2 Rc5 51. Kd3 Kf6 52. Kd4 Rc1 53.
Bb5 Ke7 54. Rb8 Kd6 55. Rd8+ Kc7 56. Rg8 Rb1 57. Kc5 Rc1+ 58. Kb4 Rb1+ 59. Kc5
Rc1+ 60. Kd4 Rb1 61. Bd3 Rd1 1/2-1/2

[Event "Bundesliga 9495"]
[Site "Deutschland"]
[Date "1995.??.??"]
[Round "?.4"]
[White "Mueller, Mat"]
[Black "Palkovi, Jozsef"]
[Result "1/2-1/2"]
[WhiteElo "2375"]
[BlackElo "2420"]
[PlyCount "36"]
[EventDate "1994.10.??"]
[EventType "team"]
[EventRounds "15"]
[EventCountry "GER"]
[SourceTitle "Bundesliga 9495"]
[Source "DeepChess"]
[SourceDate "2005.01.01"]
[SourceVersion "1"]
[SourceVersionDate "2005.01.01"]
[SourceQuality "1"]
[WhiteTeam "SV Erfurt West 90"]
[BlackTeam "SV Tuebingen 1870 e.V."]
[WhiteTeamCountry "GER"]
[BlackTeamCountry "GER"]

1. e4 d5 2. exd5 Nf6 3. d4 Nxd5 4. c4 Nb6 5. Nf3 g6 6. c5 Nd5 7. Bc4 Bg7 8. Nc3
c6 9. Qb3 O-O 10. O-O Nxc3 11. bxc3 b5 12. cxb6 axb6 13. Re1 Ba6 14. Bg5 Bxc4
15. Qxc4 Re8 16. a4 Qd6 17. Qe2 e6 18. Ne5 Nd7 1/2-1/2

[Event "Bundesliga 9495"]
[Site "Deutschland"]
[Date "1995.??.??"]
[Round "?.5"]
[White "Zeller, Frank"]
[Black "Troyke, Christian"]
[Result "1-0"]
[WhiteElo "2350"]
[BlackElo "2355"]
[PlyCount "117"]
[EventDate "1994.10.??"]
[EventType "team"]
[EventRounds "15"]
[EventCountry "GER"]
[SourceTitle "Bundesliga 9495"]
[Source "DeepChess"]
[SourceDate "2005.01.01"]
[SourceVersion "1"]
[SourceVersionDate "2005.01.01"]
[SourceQuality "1"]
[WhiteTeam "SV Tuebingen 1870 e.V."]
[BlackTeam "SV Erfurt West 90"]
[WhiteTeamCountry "GER"]
[BlackTeamCountry "GER"]

1. e4 c5 2. Nf3 Nc6 3. d4 cxd4 4. Nxd4 g6 5. c4 Bg7 6. Be3 Nf6 7. Nc3 O-O 8.
Be2 d6 9. O-O Bd7 10. Nb3 Ne5 11. h3 Bc6 12. f4 Ned7 13. Bf3 b6 14. Qe1 Rc8 15.
Rd1 Ne8 16. Nd4 Ba8 17. b3 a6 18. e5 Bxf3 19. Nxf3 Nc5 20. Ng5 h6 21. Nge4 Nxe4
22. Nxe4 Rc6 23. Qf2 b5 24. cxb5 axb5 25. f5 gxf5 26. Qxf5 d5 27. Ng3 Rg6 28.
Nh5 Qc7 29. Bd4 Rg5 30. Qf3 Bxe5 31. Be3 Rg6 32. Rxd5 Nf6 33. Rxb5 Nxh5 34.
Qxh5 Qc6 35. Qe2 Qe4 36. Qf3 Qxf3 37. Rxf3 Re6 38. a4 Rd8 39. a5 Rd1+ 40. Kf2
Bf6 41. Rb6 Re4 42. a6 Ra1 43. a7 Ra2+ 44. Kf1 Ra1+ 45. Ke2 Rxa7 46. Kd3 Rxe3+
47. Rxe3 Rd7+ 48. Kc4 Bd4 49. Rd3 e5 50. Rxh6 Rc7+ 51. Kd5 Kg7 52. Rc6 Rd7+ 53.
Rd6 Rb7 54. g4 Rb5+ 55. Ke4 Bb2 56. Rc6 Rb4+ 57. Rc4 Rb6 58. h4 Kg6 59. b4 1-0

[Event "Bundesliga 9495"]
[Site "Deutschland"]
[Date "1995.??.??"]
[Round "?.6"]
[White "Voekler, Bernd"]
[Black "Dutschak, Hauke"]
[Result "1-0"]
[WhiteElo "2350"]
[BlackElo "2240"]
[PlyCount "65"]
[EventDate "1994.10.??"]
[EventType "team"]
[EventRounds "15"]
[EventCountry "GER"]
[SourceTitle "Bundesliga 9495"]
[Source "DeepChess"]
[SourceDate "2005.01.01"]
[SourceVersion "1"]
[SourceVersionDate "2005.01.01"]
[SourceQuality "1"]
[WhiteTeam "SV Erfurt West 90"]
[BlackTeam "SV Tuebingen 1870 e.V."]
[WhiteTeamCountry "GER"]
[BlackTeamCountry "GER"]

1. e4 d5 2. exd5 Nf6 3. d4 Nxd5 4. c4 Nb6 5. Nf3 g6 6. c5 Nd5 7. Bc4 Bg7 8. Nc3
c6 9. Qb3 O-O 10. O-O Nxc3 11. bxc3 b5 12. cxb6 axb6 13. Re1 b5 14. Bf1 Bg4 15.
Ng5 h6 16. h3 Bc8 17. Nf3 Be6 18. Rxe6 fxe6 19. Qxe6+ Kh7 20. Bd3 Rf6 21. Qg4
Nd7 22. h4 Nf8 23. h5 Kg8 24. hxg6 Qc8 25. Qh5 Qe6 26. Bxh6 Nxg6 27. Re1 Qd5
28. Bg5 Nf8 29. Rxe7 Rxa2 30. Bxf6 Ra1+ 31. Bf1 Bxf6 32. Qxd5+ cxd5 33. Rb7 1-0

[Event "Bundesliga 9495"]
[Site "Deutschland"]
[Date "1995.??.??"]
[Round "?.7"]
[White "Foessmeier, Ulrich"]
[Black "Machelett, Heiko"]
[Result "1/2-1/2"]
[WhiteElo "2310"]
[BlackElo "2315"]
[PlyCount "86"]
[EventDate "1994.10.??"]
[EventType "team"]
[EventRounds "15"]
[EventCountry "GER"]
[SourceTitle "Bundesliga 9495"]
[Source "DeepChess"]
[SourceDate "2005.01.01"]
[SourceVersion "1"]
[SourceVersionDate "2005.01.01"]
[SourceQuality "1"]
[WhiteTeam "SV Tuebingen 1870 e.V."]
[BlackTeam "SV Erfurt West 90"]
[WhiteTeamCountry "GER"]
[BlackTeamCountry "GER"]

1. d4 g6 2. c4 Bg7 3. Nc3 d6 4. e4 Nc6 5. Be3 e5 6. d5 Nce7 7. g4 f5 8. gxf5
gxf5 9. Qh5+ Ng6 10. h4 Nf6 11. Qg5 Nxe4 12. Nxe4 fxe4 13. Qxd8+ Kxd8 14. Ne2
Bg4 15. Rg1 Bxe2 16. Bg5+ Ke8 17. Bxe2 Kf7 18. Bh5 Bf6 19. Kd2 Raf8 20. Bh6 Rc8
21. Rg4 c6 22. dxc6 Rxc6 23. Rxe4 Rhc8 24. b3 a6 25. a4 Rb6 26. Bg4 Rc7 27. h5
Ne7 28. Bd1 Nf5 29. Be3 Rb4 30. f3 Rd7 31. Bc2 a5 32. Re1 d5 33. cxd5 Rxd5+ 34.
Kc3 Nxe3 35. R1xe3 Rb6 36. Rd3 Rc5+ 37. Kb2 Rbc6 38. Rd2 Rc3 39. Bd3 Kf8 40.
Bb5 Rc7 41. Bd3 Rc1 42. Rc4 R1xc4 43. Bxc4 e4+ 1/2-1/2

[Event "Bundesliga 9596"]
[Site "Deutschland"]
[Date "1995.??.??"]
[Round "?.2"]
[White "Stohl, Igor"]
[Black "Lanka, Zigurds"]
[Result "1/2-1/2"]
[WhiteElo "2525"]
[BlackElo "2480"]
[PlyCount "43"]
[EventDate "1995.10.??"]
[EventType "team"]
[EventRounds "15"]
[EventCountry "GER"]
[SourceTitle "Bundesliga 9596"]
[Source "DeepChess"]
[SourceDate "2005.01.01"]
[SourceVersion "1"]
[SourceVersionDate "2005.01.01"]
[SourceQuality "1"]
[WhiteTeam "Delmenhorster SK 1931"]
[BlackTeam "Dresdner SC 1898"]
[WhiteTeamCountry "GER"]
[BlackTeamCountry "GER"]

1. Nf3 Nf6 2. c4 g6 3. g3 Bg7 4. Bg2 O-O 5. O-O d6 6. Nc3 a6 7. d4 Nc6 8. d5
Na5 9. b3 c5 10. dxc6 Nxc6 11. Bb2 Qa5 12. Nd5 Nxd5 13. Bxg7 Nc3 14. Bxc3 Qxc3
15. Rc1 Qa5 16. Qd2 Qxd2 17. Nxd2 Nd4 18. Rfe1 Rb8 19. Ne4 Bg4 20. Nc3 Rfc8 21.
h3 Be6 22. Red1 1/2-1/2

[Event "Bundesliga 9596"]
[Site "Deutschland"]
[Date "1995.??.??"]
[Round "?.4"]
[White "Reefschlaeger, Helmut"]
[Black "Maiwald, Jens Uwe"]
[Result "0-1"]
[WhiteElo "2370"]
[BlackElo "2485"]
[PlyCount "92"]
[EventDate "1995.10.??"]
[EventType "team"]
[EventRounds "15"]
[EventCountry "GER"]
[SourceTitle "Bundesliga 9596"]
[Source "DeepChess"]
[SourceDate "2005.01.01"]
[SourceVersion "1"]
[SourceVersionDate "2005.01.01"]
[SourceQuality "1"]
[WhiteTeam "Delmenhorster SK 1931"]
[BlackTeam "Dresdner SC 1898"]
[WhiteTeamCountry "GER"]
[BlackTeamCountry "GER"]

1. d4 Nf6 2. c4 d6 3. g3 Nbd7 4. Bg2 c6 5. Nf3 e5 6. Nc3 Be7 7. O-O O-O 8. Qc2
a6 9. Rd1 Qc7 10. b3 Re8 11. h3 b6 12. e4 Bf8 13. Bb2 Bb7 14. d5 Rec8 15. Rac1
b5 16. Ne1 Qb6 17. Qd2 Nc5 18. dxc6 Bxc6 19. Qe2 bxc4 20. bxc4 Rab8 21. Ba1 Qb7
22. Nd5 Nxd5 23. cxd5 Bb5 24. Qe3 g6 25. Kh2 Bg7 26. h4 Qe7 27. Bh3 Rc7 28. Bc3
Ba4 29. Rd2 Qf8 30. g4 f5 31. exf5 gxf5 32. f3 fxg4 33. fxg4 Rf7 34. Ba5 Rb5
35. Bc3 Rb8 36. Ba5 Rb5 37. Bc3 Rf4 38. Ng2 Rf3 39. Qe2 Rb7 40. Ba1 Bb5 41. Qd1
Nd3 42. Rcc2 Nb4 43. g5 Rxh3+ 44. Kxh3 Ba4 45. Kh2 Nxc2 46. Qg4 Bd7 0-1

[Event "Bundesliga 9596"]
[Site "Deutschland"]
[Date "1995.??.??"]
[Round "?.5"]
[White "Borriss, Martin"]
[Black "Borik, Otto"]
[Result "0-1"]
[WhiteElo "2410"]
[BlackElo "2400"]
[PlyCount "94"]
[EventDate "1995.10.??"]
[EventType "team"]
[EventRounds "15"]
[EventCountry "GER"]
[SourceTitle "Bundesliga 9596"]
[Source "DeepChess"]
[SourceDate "2005.01.01"]
[SourceVersion "1"]
[SourceVersionDate "2005.01.01"]
[SourceQuality "1"]
[WhiteTeam "Dresdner SC 1898"]
[BlackTeam "Delmenhorster SK 1931"]
[WhiteTeamCountry "GER"]
[BlackTeamCountry "GER"]

1. e4 e6 2. d4 d5 3. Nc3 Nf6 4. e5 Nfd7 5. f4 c5 6. Nf3 Nc6 7. Be3 Qb6 8. Na4
Qa5+ 9. c3 c4 10. b4 Qc7 11. Be2 Be7 12. O-O f5 13. g4 O-O 14. gxf5 Rxf5 15.
Ng5 Bxg5 16. fxg5 b5 17. Rxf5 exf5 18. Nc5 Nxc5 19. bxc5 Be6 20. Qd2 Rb8 21.
Rb1 Qa5 22. Bf3 b4 23. cxb4 Rxb4 24. Rxb4 Qxb4 25. Qxb4 Nxb4 26. Kf2 Nxa2 27.
c6 Nc3 28. c7 Kf7 29. Bd2 Ne4+ 30. Ke3 Ke7 31. Ba5 Kd7 32. h4 Kc6 33. Kf4 Kb5
34. Be1 a5 35. Bxe4 fxe4 36. Ke3 a4 37. Kd2 Kc6 38. Kc3 Kxc7 39. h5 e3 40. Kb4
Bd7 41. Bg3 Be8 42. g6 hxg6 43. hxg6 Kd7 44. Kxa4 Ke6+ 45. Kb4 Kf5 46. Kc3 Kg4
47. Bh2 Kf3 0-1

[Event "Bundesliga 9596"]
[Site "Deutschland"]
[Date "1995.??.??"]
[Round "?.6"]
[White "Breutigam, Martin"]
[Black "Goldberg, Alexander"]
[Result "1/2-1/2"]
[WhiteElo "2340"]
[BlackElo "2400"]
[PlyCount "70"]
[EventDate "1995.10.??"]
[EventType "team"]
[EventRounds "15"]
[EventCountry "GER"]
[SourceTitle "Bundesliga 9596"]
[Source "DeepChess"]
[SourceDate "2005.01.01"]
[SourceVersion "1"]
[SourceVersionDate "2005.01.01"]
[SourceQuality "1"]
[WhiteTeam "Delmenhorster SK 1931"]
[BlackTeam "Dresdner SC 1898"]
[WhiteTeamCountry "GER"]
[BlackTeamCountry "GER"]

1. d4 Nf6 2. c4 e6 3. Nc3 Bb4 4. Bg5 h6 5. Bh4 c5 6. dxc5 Nc6 7. Rc1 g5 8. Bg3
Ne4 9. e3 Nxc3 10. bxc3 Bxc5 11. h4 Ba3 12. Rb1 Qf6 13. Rb3 Be7 14. Nf3 b6 15.
c5 Bxc5 16. Bb5 Rg8 17. Qd3 Bb7 18. Nd2 d5 19. Nf3 Ke7 20. Bxc6 Bxc6 21. Ne5
Bb7 22. Qb5 Rad8 23. Ng4 Qg6 24. Be5 gxh4 25. Rxh4 h5 26. Bf6+ Kd6 27. Be5+ Ke7
28. Nf6 Qxg2 29. Nxg8+ Rxg8 30. Rf4 Qh1+ 31. Kd2 Rg1 32. Qxc5+ bxc5 33. Rxb7+
Ke8 34. Rb8+ Ke7 35. Rb7+ Ke8 1/2-1/2